000 00624nam a22002057a 4500
005 20240902075238.0
008 240902b |||||||| |||| 00| 0 eng d
020 _a9789360788827
040 _aIN-DiNC
_cIN-DiNC
041 _dasm
082 _a954.02
_bNAT
100 _aNath, Bhrigumoni
_eauthor
245 _aBharatbarshar itihas-III (poroborty Gupto jugor pora 1206 CE)/
_cby Bhrigumoni Nath and Dipamjyoti Buragohain
250 _a1st ed.
260 _aGuwahati:
_bAshok publication,
_c2024.
300 _a183p.
650 _aHistory of modern India
700 _aBuragohain, Dipamjyoti
_eauthor
942 _2ddc
_cBK
999 _c11920
_d11920